• 首页
  • 本馆介绍
  • 公告通知
  • 最新文献
  • 馆藏检索
  • 电子资源
  • 读者导购
  • 参考咨询
  • 我的图书馆
  • 登录
  • 详细信息显示
  • 放入我的书架
  • 预约/预借图书
  • 作者相关作品
  • 分类相关作品
  • 丛书相关作品
  • 出版社相关作品

书目信息

  • 表格格式
  • 工作单格式
  • 卡片格式
题名:
上海民间藏馆
    
 
作者: 马骋 , 刘超 主编
分册:  
出版信息: 上海   上海文化出版社  2005
页数: 177页
开本: 25cm
丛书名:
单 册:
中图分类: G269.275.1
科图分类:
主题词: 博物馆--概况--上海市
电子资源:
ISBN: 7-80646-695-9
000 00775nam0 2200241 450
001 TS2006037093
005 20061206164206.76
010    @a7-80646-695-9@dCNY48.00
100    @a20060829d2005 ekmy0chiy0120 ea
101 0  @achi
102    @aCN@b310000
105    @aa c 001yy
200 1  @a上海民间藏馆@AShang Hai Min Jian Cang Guan@dShanghai Folk-Collection Hall@f马骋,刘超主编@FMa Cheng, Liu Chao Zhu Bian@zeng
210    @a上海@c上海文化出版社@d2005
215    @a177页@c图,照片@d25cm
320    @a有索引(162-176页)
510 1  @aShanghai Folk-Collection Hall@zeng
606 0  @a博物馆@x概况@y上海市
690    @aG269.275.1@v4
701  0 @a马骋@AMa Cheng@4主编
701  0 @a刘超@ALiu Chao@4主编
801  0 @aCN@b中图数据@c20061206
905    @a10447@dG269.275.1@e16
    
    上海民间藏馆=Shanghai Folk-Collection Hall/马骋,刘超主编.-上海:上海文化出版社,2005
    177页:图,照片;25cm
    
    
    ISBN 7-80646-695-9:CNY48.00
    
●
相关链接 在E读中查询图书 在五车中查询图书 在当当中查询图书 在豆瓣中查询图书


正题名:上海民间藏馆     索取号:G269.275.1/16         预约/预借

序号 登录号 条形码 馆藏地/架位号 状态 备注
1 0615834   206158343   第一样本阅览室/ [索取号:G269.275.1/16] 在馆    
2 0615835   206158352   第四借阅区/ [索取号:G269.275.1/16] 在馆    
3 0615836   206158361   第四借阅区/ [索取号:G269.275.1/16] 在馆    
唐山师范学院图书馆 欢迎您!
大连网信软件有限公司© 版权所有